| 000 | 00670nam a2200217Ia 4500 | ||
|---|---|---|---|
| 003 | GCL | ||
| 008 | 140319s9999 xx 000 0 ara d | ||
| 040 |
_aGCL / _cGCL |
||
| 082 | 0 | 4 |
_a236.4 _bع م |
| 100 | 1 | _aعمر الجيدى | |
| 245 | 1 | 0 |
_aمحاضرات فى تاريخ المذهب المالكى فى الغرب الاسلامى / _cعمر الجيدى |
| 260 |
_a[S.N] : _bمنشورات عكاظ ، _c1987 |
||
| 300 | _a214 ص | ||
| 490 | _a | ||
| 650 | 0 | 4 | _aالتاريخ الاسلامى |
| 650 | 0 | 4 | _aالفقه الاسلامى |
| 650 | 0 | 4 | _aالفقه المالكى |
| 650 | 0 | 4 | _aمذاهب |
| 650 | 0 | 4 | _aعلم الكلام |
| 942 |
_2ddc _cBK |
||
| 999 |
_c35980 _d35980 |
||